The search for a new order : Intellectuals and fascism in prewar Japan
Saved in:
| Main Author: | |
|---|---|
| Format: | Book |
| Language: | Undetermined |
| Published: |
Chapel Hill
University of North Carolina Press
1982
|
| Subjects: | |
| Tags: |
Add Tag
No Tags, Be the first to tag this record!
|
| Institutions: | Trung tâm Học liệu Trường Đại học Cần Thơ |
|---|
| LEADER | 00655nam a2200217Ia 4500 | ||
|---|---|---|---|
| 001 | CTU_110963 | ||
| 008 | 210402s9999 xx 000 0 und d | ||
| 082 | |a 320.952 | ||
| 082 | |b F612 | ||
| 100 | |a Fletcher, William Miles | ||
| 245 | 4 | |a The search for a new order : | |
| 245 | 0 | |b Intellectuals and fascism in prewar Japan | |
| 245 | 0 | |c William Miles Fletcher III | |
| 260 | |a Chapel Hill | ||
| 260 | |b University of North Carolina Press | ||
| 260 | |c 1982 | ||
| 650 | |a Sholwa kenkyuikai,Intellectuals,Japan | ||
| 650 | |x Politics and government | ||
| 650 | |z Japan | ||
| 904 | |i M.Loan | ||
| 980 | |a Trung tâm Học liệu Trường Đại học Cần Thơ | ||